Представление документа в формате RUSMARC

ПолеНазваниеЗначение
  Тип записи a
  Библиографический уровень m
001 Контрольный номер RU/SLIB/B/208755815
005 Дата корректировки 20201206204152.1
010 Индекс ISBN __
d Цена 36 870-00; 16 500-00; 45-00
101 Язык документа __
a Язык текста rus
200 Заглавие и сведения об ответственности __
a Заглавие Эстетика города
e Сведения, относящиеся к заглавию науч. изд.
b Общее обозначение материала Текст
210 Выходные данные __
a Место издания М.
c Издательство Стройиздат
d Дата издания 1991
215 Физическое описание __
a Объем 366 с.
c Иллюстрации/тип воспроизводства ил.
320 Библиография __
a Библиография Библиогр.: с. 360-365
606 Тематические рубрики __
a Основная рубрика Изобразительное искусство и архитектура
606 Тематические рубрики __
a Основная рубрика Планировка и застройка городов
610 Ключевые слова __
a Ключевые слова города; градостроительство; городская архитектура
686 Индексы других классификаций __
a Классификационный индекс 85.118.2
700 Автор __
a Фамилия Яргина
b Имя З. Н.
4 Код отношения 070
801 Источник записи _0
a Страна RU
b Организация Муниципальное бюджетное учреждение культуры "Централизованная библиотечная система" г. Сургут (Центральная городская библиотека им. А. С. Пушкина)
g Правила каталогизации КиК/Михайлова
801 Источник записи _1
a Страна RU
b Организация Муниципальное бюджетное учреждение культуры "Централизованная библиотечная система" г. Сургут (Центральная городская библиотека им. А. С. Пушкина)
g Правила каталогизации КиК/Михайлова
852 Данные о местонахождении __
j Шифр хранения 85.118.2
c Каталожный индекс 85.118
i Авторский знак Я 71
p Инвентарный номер 65556; 60932; 54643*
901 Тип документа __
t Тип документа m
903 Характеристики (МАРС) __
a Дата передачи 20090111
990 Данные о заказе (DOS) __
j Количество экземпляров (DOS) 1; 1; 1